Catalog

Record Details

Catalog Search



Rodinná terapie  Cover Image Book Book

Rodinná terapie / Philip Barker ; [z anglického originálu ... přeložili Jan Lorenc, Zuzana Lebedová, Jana Matoušková]

Summary:

Autor v knize poskytuje jasný, přístupný a srozumitelný úvod do rodinné terapie a díky obsáhlému seznamu odkazů se snaží dovést čtenáře k dalším zdrojům informací. Barker nepředpokládá znalost rodinné terapie, a proto lze doufat, že bude publikace užitečná nejen pro úplné začátečníky, ale i pro čtenáře, kteří právě procházejí úvodními fázemi výcviku v rodinné terapii. Páté vydání tohoto již etablovaného textu poskytuje nezaujatý, čtivý a aktualizovaný úvod do oboru rodinné terapie. Popisuje a rozebírá různé formy dysfunkcí, které se mohou v konkrétních rodinách vyskytovat, často s ohledem na kulturu společnosti, do níž rodina patří. Na tomto složitém pozadí a s ohledem na různost myšlenkových proudů v rodinné terapii syntetizuje kniha základní principy, které se obecně v rodinné terapii používají. Nakladatelská anotace. Kráceno.
Úvod do problematiky terapie rodinných vztahů.

Record details

  • ISBN: 978-80-7387-530-5 (brož.)
  • Physical Description: 324 s. ; 20 cm
  • Edition: 1. vyd.
  • Publisher: Praha : Triton, 2012

Content descriptions

Bibliography, etc. Note:
Obsahuje bibliografii a rejstříky
Subject: rodinná psychoterapie
family psychotherapy
Genre: monografie
monographs

Available copies

  • 1 of 1 copy available at Common Catalog SPOK.

Holds

  • 0 current holds with 1 total copy.
Show Only Available Copies
Location Call Number / Copy Notes Barcode Shelving Location Status Due Date
Jabok Library Psy-9.5/B 424480035900 Odborná literatura Available -

LDR 03609nam a2200757 a 4500
00119270
003CZ-PrJAB
00520150106151700.0
007ta
008120820s2012 xr f 001 0 cze
015 . ‡acnb002392018
020 . ‡a978-80-7387-530-5 (brož.)
035 . ‡a(CZ PrSKC)nkc20122392018
035 . ‡a(OCoLC)817048923
040 . ‡aBOA001 ‡bcze ‡dOLA001 ‡dABA001
0411 . ‡acze ‡heng
072 7. ‡a364-1/-7 ‡xDruhy sociální pomoci a služeb ‡2Konspekt ‡918
080 . ‡a364.642-785.4 ‡2MRF
080 . ‡a(048.8) ‡2MRF
1001 . ‡aBarker, Philip, ‡d1929- ‡7xx0030736 ‡4aut
24510. ‡aRodinná terapie / ‡cPhilip Barker ; [z anglického originálu ... přeložili Jan Lorenc, Zuzana Lebedová, Jana Matoušková]
250 . ‡a1. vyd.
260 . ‡aPraha : ‡bTriton, ‡c2012
300 . ‡a324 s. ; ‡c20 cm
4901 . ‡aPsyché ; ‡vsv. č. 75
504 . ‡aObsahuje bibliografii a rejstříky
520 . ‡aAutor v knize poskytuje jasný, přístupný a srozumitelný úvod do rodinné terapie a díky obsáhlému seznamu odkazů se snaží dovést čtenáře k dalším zdrojům informací. Barker nepředpokládá znalost rodinné terapie, a proto lze doufat, že bude publikace užitečná nejen pro úplné začátečníky, ale i pro čtenáře, kteří právě procházejí úvodními fázemi výcviku v rodinné terapii. Páté vydání tohoto již etablovaného textu poskytuje nezaujatý, čtivý a aktualizovaný úvod do oboru rodinné terapie. Popisuje a rozebírá různé formy dysfunkcí, které se mohou v konkrétních rodinách vyskytovat, často s ohledem na kulturu společnosti, do níž rodina patří. Na tomto složitém pozadí a s ohledem na různost myšlenkových proudů v rodinné terapii syntetizuje kniha základní principy, které se obecně v rodinné terapii používají. Nakladatelská anotace. Kráceno.
520 . ‡aÚvod do problematiky terapie rodinných vztahů.
65007. ‡arodinná psychoterapie ‡7ph116048 ‡2czenas
65009. ‡afamily psychotherapy ‡2eczenas
655 7. ‡amonografie ‡7fd132842 ‡2czenas
655 9. ‡amonographs ‡2eczenas
7650 . ‡tBasic family therapy ‡9Česky
830 0. ‡aPsyché (Triton)
910 . ‡aABG312
901 . ‡a19270 ‡b ‡c19270 ‡tbiblio

Additional Resources